000 00796nam a2200253Ia 4500
003 GCL
008 140319s9999 xx 000 0 ara d
020 _a4275270977
040 _aGCL /
_cGCL
082 0 4 _aق
_b916.2621
_bم م
100 1 _aمختار السويفى
245 1 0 _aمصر والنيل :
_bفى اربعة كتب عالمية /
_cمختار السويفى
250 _aالثالثة
260 _aالقاهرة :
_bالدار المصرية اللبنانية ،
_c1988
300 _a206 ص:
_bايض ؛
_c24 سم
490 _a
650 0 4 _aتاريخ
650 0 4 _aمصر القديمة
650 0 4 _aالحضارة الفرعونية
650 0 4 _aالنيل
650 0 4 _aالمجتمع المصرى
650 0 4 _aالجيش المصرى
942 _2ddc
_cBK
999 _c52406
_d52406